000 00558nam a22001817a 4500
003 OSt
005 20250319093117.0
008 250319b |||||||| |||| 00| 0 eng d
020 _a9789966441911
040 _cChuka University Library
050 _aLB 1027.5
_b.G85 2015
100 _aWango,Geoffrey.M
_918619
245 _aAlpha Diploma ECDE Guidance and Counselling
260 _aNairobi
_bK.L.B
_c2015
300 _a50P.
650 _aEducational counseling ----Kenya 2.Student counselors ------Kenya 3.Counseling---Kenya
_918620
942 _2lcc
_cBK
_n0
999 _c18748
_d18748